| 000 | 00672nam a2200217Ia 4500 | ||
|---|---|---|---|
| 008 | 180523s9999 xx 000 0 und d | ||
| 020 | _a1-4129-0353-X | ||
| 050 | _aMAIN HF 5415.32 | ||
| 050 | _b.E84 2005 | ||
| 245 | 4 | _aThe Ethical consumer / | |
| 245 | 0 | _cedited by Rob Harrison, Terry Newholm, Deirdre Shaw. | |
| 260 | _aLondon : | ||
| 260 | _bSage Publications, | ||
| 260 | _c2005 | ||
| 300 | _a258 pages : | ||
| 300 | _c24 cm. | ||
| 500 | _aIncludes bibliographical references and index. | ||
| 650 | _aConsumer behavior -- Moral and ethical aspects. | ||
| 650 | _aSocial responsibility of business. | ||
| 650 | _xMarketing -- Moral and ethical aspects. | ||
| 999 |
_c357081 _d357081 |
||